Canadian Provinces Quiz Stats

 Plays Quiz Updated Dec 4, 2014

Score 0/13 Timer 05:00
26 Plays Today
Province/Territory % Correct
Quebec
93.1%
Ontario
91.2%
British Columbia
87.9%
Alberta
86.5%
Yukon
84.1%
Newfoundland and Labrador
83.2%
Nova Scotia
78.2%
Prince Edward Island
78%
Manitoba
77.4%
Saskatchewan
77.4%
Northwest Territories
73%
Nunavut
67%
New Brunswick
66.1%

You're not logged in!

Compare scores with friends on all Sporcle quizzes.
OR
Log In

Sporcle TV

Today on Sporcle TV


Watch our educational content, quiz creation guides, and fun videos on Sporcle TV.

Show Comments

Extras

Top Quizzes Today


Score Distribution

Your Account Isn't Verified!

In order to create a playlist on Sporcle, you need to verify the email address you used during registration. Go to your Sporcle Settings to finish the process.

Report this User

Report this user for behavior that violates our Community Guidelines.

Details: